| 000 | 01306nam a2200241Ia 4500 | ||
|---|---|---|---|
| 001 | 113888 | ||
| 003 | DR-UNIBE | ||
| 005 | 20260602155232.0 | ||
| 008 | 250716s2023 dr a spa c | ||
| 022 | _a2811-5198 | ||
| 040 |
_aBIBLIOTECA UNIBE _cBIBLIOTECA UNIBE _erda |
||
| 041 | _aspa | ||
| 082 | 0 | _aRD 330.97293 B213s 2023 | |
| 110 |
_aBanco Central de la República Dominicana _93545 _eautor |
||
| 245 | 1 | 0 |
_aSerie de estudios económicos 2023 / _cBanco Central de la República Dominicana |
| 260 |
_aSanto Domingo : _bBanco Central de la República Dominicana, _c2023 |
||
| 300 |
_a172 páginas : _bgráficos, tablas |
||
| 505 | _a1. Caracterización y análisis factorial de la inflación regional en el contexto del covid-19: aplicaciones del Modelo Favar | 2. Política fiscal contra la pobreza y la desigualdad en el contexto del covid-19 | 3. Impacto del conjunto de medidas monetarias implementadas en la república dominicana ante el covid-19 | 4. Nowcasting de la dinámica económica en la República Dominicana bajo la crisis del covid-19: un enfoque basado en Big Data y técnicas de Machine Learning | | ||
| 650 | 7 |
_aBancos _zRepública Dominicana _98797 _2lemb |
|
| 650 | 7 |
_aEconomía _zRepública Dominicana _91462 _2lemb |
|
| 942 |
_cBK _2ddc |
||
| 951 | _a20101203 08:22:23 | ||
| 999 |
_c113888 _d113888 |
||